000 00808nam a2200265 a 4500
008
020 _a9780128001165 (paperback)
040 _aNUST
_cNUST
049 _aMAIN
090 _aHB199.B6
_bBOM
100 1 _aBomfim, Antulio, N.
245 1 0 _aUnderstanding credit derivatives and related instruments /
_cAntulio N. Bomfim
260 _aOxford :
_bAcademic Press,
_c2016
300 _aSecond Edition
300 _axx, 399 pages :
_billustrations ;
_c25 cm
336 _atext
_btxt
_2rdacontent
337 _aunmediated
_bn
_2rdamedia
338 _avolume
_bnc
_2rdacarrier
500 _aIncludes index
650 1 _aCredit Derivatives
907 _a.b10404909
_b16-06-21
_c14-06-21
003
005 20230123141203.0
942 _cBOOKS
_kHB199.B6
_mBOM
999 _c169178
_d169178